LEADER 00645nam a2200193 i 4500 001 000000175860 003 CaOOAMICUS 005 20081120000000.0 008 081120n it u000 u mul u 013 $a153345 040 $aSeMil$bita 245 10$aVolume 2. 300 $aXI, 266 p., VII. 490 0 $aCollezione Romana 773 0 $aCicero, Marcus Tullius <106-43 a.C.>$tFilippiche.$dMilano : Notari, 1931.$w()20325 830 0$aCollezione Romana.$0(OLS)http://semarc/title/14183 850 $aSeMil 852 $aSeMil$W1$xVenegono$y1$m1X V 52$j238062$B126682$CSeMilBibl$Z2$F137360 $81 996 $6245$aVolume 2$9(OLS)http://semarc/title/11564 LEADER 01772nam a2200373 4500 001 000000335208 003 CaOOAMICUS 005 20190719120207.0 008 190719s2016 it 000 u mul r 020 $a978-88-201-3793-9 040 $aSeMil$bita 041 1 $aita$alat 100 0 $aErasmus, Desiderius ,$d.$0(OLS)http://semarc/name/89173 240 10$aDialogus cui titulus Ciceronianus, sive De optimo genere dicendi.$0(OLS)http://semarc/title/424712 245 13$aIl Ciceroniano /$cDesiderio Erasmo da Rotterdam ; testo, introduzione, note, indici, traduzione a cura di Francesco Bausi e Davide Canfora ; con la collaborazione di Elisa Tinelli. 246 01$aDesiderii Erasmi Roterodami Ciceronianus 264 1$aTorino :$bLoescher,$c2016. 300 $a394 p. ;$c24 cm 490 1 $aCorona Patrum Erasmiana. 1, Serie Humanistica ;$v1 500 $aAltro front. in latino 500 $aTesto originale a fronte 700 1 $aBausi, Francesco,$d<1960- >.$0(OLS)http://semarc/name/58711 700 1 $aCanfora, Davide,$d<1973- >.$0(OLS)http://semarc/name/109939 700 1 $aTinelli, Elisa.$0(OLS)http://semarc/name/109940 830 0$aCorona Patrum Erasmiana. 2, Serie Humanistica ;$v1.$0(OLS)http://semarc/title/424706 850 $aSeMil 852 $aSeMil$W1$xVenegono$y1$mSL1.P II 41$j216822$B228878$CSeMilBibl$Z2$F228878 $8I 900 0 $aErasmo : da Rotterdam. 996 $6020$a978-88-201-3793-9$9(OLS)http://semarc/number/288050 996 $6246$aDesiderii Erasmi Roterodami Ciceronianus$9(OLS)http://semarc/title/424713 996 $6245$aIl Ciceroniano$9(OLS)http://semarc/title/424710 996 $6264$aTorino :$bLoescher$9(OLS)http://semarc/publisher/30450